CHILDREN OF THE BIBLE (Record no. 161)

MARC details
000 -LEADER
fixed length control field 00370nam a2200157Ia 4500
003 - CONTROL NUMBER IDENTIFIER
control field OSt
005 - DATE AND TIME OF LATEST TRANSACTION
control field 20241126110331.0
008 - FIXED-LENGTH DATA ELEMENTS--GENERAL INFORMATION
fixed length control field 160527b xxu||||| |||| 00| 0 eng d
040 ## - CATALOGING SOURCE
Transcribing agency gbc
082 ## - DEWEY DECIMAL CLASSIFICATION NUMBER
Classification number 220.92083
Item number CHI
245 ## - TITLE STATEMENT
Title CHILDREN OF THE BIBLE
260 ## - PUBLICATION, DISTRIBUTION, ETC.
Name of publisher, distributor, etc. MOODY PRESS,
Place of publication, distribution, etc. Chicago:
300 ## - PHYSICAL DESCRIPTION
Extent 123p.
653 ## - INDEX TERM--UNCONTROLLED
Uncontrolled term Biblical Studies - Children
942 ## - ADDED ENTRY ELEMENTS (KOHA)
Source of classification or shelving scheme Dewey Decimal Classification
Koha item type Books
Koha issues (borrowed), all copies 1
Holdings
Withdrawn status Lost status Source of classification or shelving scheme Damaged status Not for loan Home library Current Library Shelving location Date acquired Total checkouts Full call number Barcode Date last seen Date last checked out Copy number Price effective from Koha item type
    Dewey Decimal Classification     GRACE BIBLE COLLEGE GRACE BIBLE COLLEGE Biblical Studies 2016-05-27 1 220.92083 CHI 005707 2025-05-01 2020-03-03 c.1 2016-05-27 Books
© Grace Bible College Library 2025